000 002650000a22000970004500
100 1 _aBascom, Roberto
245 1 0 _aLa traducción de Génesis 1.14-15
300 _aVol. 10, Num 1 (I Semestre, 2000), Páginas 22-23
773 0 _tTraducción de la Biblia
942 _cANA
999 _c52715
_d52715